Every Country To Have Won A Summer Olympics - Statistics

General Stats
  • This quiz has been taken 163 times
  • The average score is 6 of 6
Answer Stats
# Year(s) Country % Correct
19 1896, 1904, 1912, 1920, 1924, 1928, 1932, 1948, 1952, 1964, 1968, 1984, 1996, 2000, 2004, 2012, 2016, 2020, 2024 United States
99%
1 2008 China
92%
1 1900 France
92%
7 1956, 1960, 1972, 1976, 1980, 1988, 1992 Soviet Union / Unified Team
92%
1 1908 Great Britain
91%
1 1936 Germany
88%
No matching quizzes found
Score Distribution
Percent of People with Each Score
Percentile by Number Answered
Your Score History
You have not taken this quiz